Crisis o deterioro estructural /

Sin resumen

Salvato in:
Dettagli Bibliografici
Autore principale: Camacho Monge, Daniel
Natura: testo
Soggetti:
Tags: Aggiungi Tag
Nessun Tag, puoi essere il primo ad aggiungerne!!

MARC

LEADER 00000 a a2200000 04500
001 37
003
040
100 |a Camacho Monge, Daniel  
245 |a Crisis o deterioro estructural /  |c Daniel Camacho Monge 
520 |a Sin resumen  
650 |a RECESION ECONOMICA  
650 |a INFLACION  
650 |a PRECIOS  
650 |a DEUDA EXTERNA  
650 |a CRISIS  
773 |g número 13 -14; páginas 103-109  
999 |c 36942  |d 36942 
773 0 |0 18806  |9 2087  |a Universidad Nacional de Costa Rica  |d Heredia: C.R.: EUNA  |o 02253  |t ABRA  |x 14093928